Quy định bổ sung việc cấp giấy chứng nhận quyền sử dụng đất ; thu hồi đất ; thực hiện quyền sử dụng đất ; trình tự , thủ tục bồi thường , hỗ trợ tái định cư khi nhà nước thu hồi đất ; giải quyết khiếu nại về đất đai và văn bản hướng dẫn thi hành

Giới thiệu những quy định có liên quan tới quyền sử dụng, thu hồi đất ; các trình tự và thủ tục bồi thường, hỗ trợ tái định cư khi nhà nước thu hồi đất; Các giải quyết khiếu nại về đất đai và văn bản hướng dẫn thi hành....

Description complète

Enregistré dans:
Détails bibliographiques
Format: Livre
Langue:Undetermined
Publié: Hà Nội Chính trị Quốc gia 2008
Sujets:
Tags: Ajouter un tag
Pas de tags, Soyez le premier à ajouter un tag!
Thư viện lưu trữ: Trung tâm Học liệu Trường Đại học Cần Thơ
LEADER 01336nam a2200217Ia 4500
001 CTU_140017
008 210402s9999 xx 000 0 und d
020 |c 53000 
082 |a 346.597043 
082 |b Qu600 
245 0 |a Quy định bổ sung việc cấp giấy chứng nhận quyền sử dụng đất ; 
245 0 |b thu hồi đất ; thực hiện quyền sử dụng đất ; trình tự , thủ tục bồi thường , hỗ trợ tái định cư khi nhà nước thu hồi đất ; giải quyết khiếu nại về đất đai và văn bản hướng dẫn thi hành 
260 |a Hà Nội 
260 |b Chính trị Quốc gia 
260 |c 2008 
520 |a Giới thiệu những quy định có liên quan tới quyền sử dụng, thu hồi đất ; các trình tự và thủ tục bồi thường, hỗ trợ tái định cư khi nhà nước thu hồi đất; Các giải quyết khiếu nại về đất đai và văn bản hướng dẫn thi hành. 
650 |a Land use,Sử dụng đất 
650 |x Law and legislation,Luật pháp 
650 |z Vietnam,Việt Nam 
904 |i Hạ Nguyên 
980 |a Trung tâm Học liệu Trường Đại học Cần Thơ